000 00542nam a2200217Ia 4500
020 _a1933100028
020 _a7030144708
020 _a0080449719
040 _cTEF
041 1 _hchi
082 0 4 _a633 SCI 2004 A043 Or.
245 1 0 _aTransgenic cotton /
260 _aBeijing ;
_aNew York :
_bScience Press,
_cc2004
300 _aix, 312 p. :
_bill. ;
_c25 cm
650 0 _aCotton
650 0 _aTransgenic plants
650 0 _aBacillus thuringiensis
650 0 _aAgricultural biotechnology
700 1 _aJia, Shirong
942 _cEK
999 _c12703
_d12703